Statistiken für Top 15 Länder mit Covid-19-Todesfällen - 26. März 2021

Klicken Sie hier um das Quiz zu spielen!

Allgemein

  • Dieses Quiz wurde 10 mal gespielt
  • Das Durchschnittsergebnis liegt bei 18 aus 25

Antwortstatistiken

Land% Korrekt
Brasilien
100%
Deutschland
100%
Frankreich
100%
Indien
100%
Mexiko
100%
Russland
100%
Spanien
100%
Vereinigte Staaten
100%
Italien
90%
Tschechien
90%
Vereinigtes Königreich
90%
Argentinien
80%
Peru
80%
Kolumbien
70%
Polen
70%
Portugal
70%
Belgien
60%
Südafrika
60%
Slowakei
50%
Slowenien
50%
Bulgarien
40%
Iran
40%
Nordmazedonien
40%
Bosnien und
Herzegowina
30%
Ungarn
30%

Verteilung der Resultate

Perzentil nach korrekt beantworteten Fragen

Anzahl Personen mit jedem Resultat

Ihre Resultats-Entwicklung

Sie haben dieses Quiz noch nicht gespielt